01239 2200361 4500001002100000005001500021035002000036007000300056008004100059020002200100100002300122245020800145250003100353300004600384700002500430700003100455700003100486700003000517700003400547700003400581264003400615336002100649337003000670338002300700040002200723082001500745084001700760090002200777650002200799850001200821999002200833990002200855INLIS00000000088167420230911020353 a0010-0923000266ta230911s2019 yoia g 0 0 ind d a978-602-4911-01-00 aHartatiePengarang10aSekolahku hijau bersinar :b(kumpulan artikel pengalaman guru dalam pembelajaran) /cHartati, Sudarmana, tantan Rustandi, Titin Nurhayati, Arviana Lailly, Renni Puji Hastuti; penyunting, Y. B. Margantoro aCetakan pertama: Juli 2019 a164 halaman :bilustrasi, gambar ;c21 cm0 aSudarmanaePengarang0 aTantan RustandiePengarang0 aTitin NurhayatiePengarang0 aArviana LaillyePengarang0 aRenni Puji HastutiePengarang1 aMargantoro, Y. B.ePenyunting31aBantul :bPohon Cahaya,c2019 2rdacontentateks 2rdamediaatanpa perantara 2rdacarrieravolume aYOPDYOGbinderda04223a808.84 a808.84 HAR s aCB-D.11 2019-4433 4aEssai--xKumpulan aYOPDYOG aCB-D.11/2019-4433 aCB-D.11/2019-4433